Fully halogenated chlorofluorocarbons
Saved in:
| Corporate Author: | |
|---|---|
| Format: | Book |
| Language: | English |
| Published: |
Geneva :
World Health Organization,
1990
|
| Series: | Environmental health criteria ;
; 113 |
| Subjects: | |
| Tags: |
Add Tag
No Tags, Be the first to tag this record!
|
MARC
| LEADER | 00000nam a2200000 i 4500 | ||
|---|---|---|---|
| 001 | 1/93238 | ||
| 008 | 940419s1990 eng d | ||
| 020 | |a 92-4-157113-6 | ||
| 035 | |l 10008762 | ||
| 040 | |a GR-MY-UA |b gre |e aacr | ||
| 041 | 0 | |a eng | |
| 082 | 0 | |a 547.62 | |
| 110 | 2 | |a International Programme on Chemical Safety. | |
| 245 | 1 | 0 | |a Fully halogenated chlorofluorocarbons / |c International Programme on Chemical Safety |
| 260 | |a Geneva : |b World Health Organization, |c 1990 | ||
| 300 | |a 164 p. | ||
| 490 | 1 | |a Environmental health criteria |v ; 113 |x 0250-863X | |
| 500 | |a Published under the joint sponsorship of the United Nations Environment Programme, the International Labour Organization , and the World Haelth Organization.Includes bibliographical referenses. | ||
| 650 | 0 | 0 | |a Chlorofluorocarbons |x Toxicology. |
| 650 | 0 | 0 | |a Environmental health. |
| 830 | 0 | |a Environmental health criteria ; |v ; 113 |x 0250-863X | |
| 852 | |a INST |b LESVOS |e 19940419 |h 547.62 FUL |p 005100005918 |q 005100005918 |t BK |y 0 | ||
| 909 | |a Λ |b 027525 | ||